| 000 | 02624nam0a2200433 4500 | ||
|---|---|---|---|
| 001 | RU\NLR\BIBL_A\011621922 | ||
| 005 | 20260409064329.0 | ||
| 010 |
_a9785882108914 _9100 |
||
| 021 |
_aRU _b2017-101608 _97329 |
||
| 035 | _a(RuMoRGB)009484221 | ||
| 035 | _a(NLR Aleph) 011621922 | ||
| 090 |
_a10987909 _c10987909 |
||
| 100 | _a20180205d2017 k y0rusy50 ca | ||
| 101 | 0 | _arus | |
| 102 | _aRU | ||
| 105 | _ay|||zzzz001zy | ||
| 200 | 1 |
_aЛитературное трансграничье: русская словесность в России и Казахстане _eколлективная монография _f[Абдуллина Л. И., Ананьева С. В., Власова Г. И. и др.] _gответственный редактор: В. И. Габдуллина _gМинистерство образования и науки Российской Федерации, Федеральное государственное бюджетное образовательное учреждение высшего образования "Алтайский государственный педагогический университет" |
|
| 210 |
_aБарнаул _cАлтГПУ _d2017 |
||
| 215 |
_a290 с. _d21 |
||
| 300 | _aАвт. указаны на обороте тит. л. | ||
| 320 | _aБиблиогр.: с. 263-283 и в подстроч. примеч. | ||
| 320 | _aИмен. указ.: с. 285-290 | ||
| 606 | 1 |
_aРусская литература _xСвязи _xКазахская литература _92359754 _3RU\NLR\AUTH\6601631645 |
|
| 606 |
_aКазахская литература _xСвязи _xРусская литература _92359917 _3RU\NLR\AUTH\6601631721 |
||
| 686 |
_aШ5(2=Р)-34Казахстан,0 _2rubbk |
||
| 686 |
_aШ5(2=Р)-379Казахстан,0 _2rubbk |
||
| 686 |
_aШ5(2=Каз)-308русские,0 _2rubbk |
||
| 686 | 1 | _aШ5(2=Р)-318.3 | |
| 686 | 1 | _aШ5(2=Каз)-318.1 | |
| 701 | 1 |
_aАбдуллина _bЛ. И. _gЛюция Ильдаровна |
|
| 701 | 1 |
_aАнаньева _bС.В. _gСветлана Викторовна |
|
| 701 | 1 |
_7ca _8rus _aВласова _bГ. И. _cканд. пед. наук _gГалина Ивановна _9170081 _3RU\NLR\AUTH\770170131 |
|
| 702 | 1 |
_aГабдуллина _bВ. И. _gВалентина Ивановна _4340 |
|
| 712 | 0 | 2 |
_4570 _aАлтайский государственный педагогический университет _cБарнаул _3RU\NLR\AUTH\880421271 _9507464 |
| 942 | _cBOOK | ||
| 980 | _aNBR | ||